| 000 | 00511nam a2200217Ia 4500 | ||
|---|---|---|---|
| 003 | OSt | ||
| 005 | 20220928144106.0 | ||
| 006 | a|||||r|||| 00| 0 | ||
| 007 | ta | ||
| 008 | 220927b |||||||| |||| 00| 0 eng d | ||
| 024 | _a24262 | ||
| 037 | _cTextual | ||
| 040 |
_aSDCL _cSDCL _beng |
||
| 041 |
_2eng _aeng |
||
| 082 | _aG:44, N8 | ||
| 100 |
_aMitchell T J Ed. _9506910 |
||
| 245 | 0 | _aToxins. | |
| 260 | _c1998 | ||
| 942 |
_hG:44, N8 _cTEXL _2CC |
||
| 999 |
_c826177 _d826177 |
||